Our Song lyrics - Statistics

General Stats
  • This quiz has been taken 91 times
  • The average score is 310 of 368
Answer Stats
Lyrics % Correct
a
100%
I
100%
"Our
100%
Our
100%
our
100%
song"
100%
song
100%
song,
100%
the
100%
The
100%
we
100%
an
98%
don't
98%
is
98%
you
98%
your
98%
he
95%
know
95%
on
95%
When
95%
when
95%
door
93%
it
93%
window
93%
And
90%
and
90%
have
90%
have"
90%
it's
90%
phone
90%
slow,
90%
slow
90%
in
88%
late,
88%
late
88%
my
88%
of
88%
real
88%
said
88%
say
88%
talk
88%
as
86%
'cause
86%
'Cause
86%
his
86%
how
86%
mama
86%
tapping
86%
thinking
86%
we're
86%
again
83%
car
83%
down,
83%
down
83%
hair
83%
if
83%
out
83%
play
83%
slamming
83%
was
83%
with
83%
could
81%
front
81%
God
81%
heart
81%
just
81%
radio
81%
ridin'
81%
screen
81%
shotgun
81%
should
81%
steering
81%
undone
81%
way
81%
wheel,
81%
"Amen,"
79%
didn't
79%
hand
79%
her
79%
home,
79%
kiss
79%
"Nothing,
79%
one
79%
other
79%
says
79%
says,
79%
seat
79%
askin'
76%
first
76%
got
76%
Got
76%
Sneakin'
76%
that
76%
wrong?"
76%
wrong
76%
"Baby,
74%
for
74%
look
74%
something
74%
to
74%
turn
74%
around,
71%
asking
71%
date;
71%
'fore
71%
laugh
71%
good
69%
He's
69%
all
67%
every
67%
him
67%
"Man,
67%
note
67%
day
64%
had
64%
notice
64%
Oh
64%
Oh,
64%
oh
64%
wrote
64%
almost
62%
roses
62%
hallway,
60%
old
60%
up
60%
yeah
60%
after
57%
bed
57%
can
57%
come
57%
everything
57%
feel
57%
I've
57%
lovin'
57%
napkin,
57%
pen
57%
porch
57%
walkin'
57%
along
55%
gone
55%
steps
55%
well
55%
away
52%
been
52%
grabbed
52%
laughs
52%
listened
52%
lost
52%
thrown
52%
heard
50%
talks
50%
trampled
50%
Waited
33%
No matching quizzes found
Score Distribution
Percent of People with Each Score
Percentile by Number Answered
Your Score History
You have not taken this quiz